000 01195nam0a2200325 4500
001 RU\NLR\bibl\602787
005 20260406063242.0
010 _a5-87818-223-8
_9125
021 _aRU
_b2002-43937
035 _a(NLR Aleph) 000594719
090 _a1735370
_c1735370
100 _a20050128d2000 |||y0rusy50 ca
101 0 _arus
102 _aRU
105 _ay |||||||||
200 1 _aОбразы женщин в культуре
_e[Сб. ст.]
_fСост. С.Б. Борисов
210 _aШадринск
_cШадрин. пединститут
_d2000
215 _d20
225 1 _aАрхетип
_eКультурол. альм.
_vВып. 2
320 _aБиблиогр. в примеч. в конце ст.
606 1 _aЖенщины в культуре
_jСборники
_92273011
_3RU\NLR\auth\661362278
686 _aТ3(0)0-7я43
686 _aС550.2я43
702 1 _8rus
_7ca
_aБорисов
_bС. Б.
_cд-р культурологии, писатель
_f1963-
_gСергей Борисович
_3RU\NLR\auth\7722193
_95252
801 0 _aRU
_bNLR
_c20050128
_grcr
801 1 _aRU
_bNLR
_c20050128
852 _aNLR
_jП34/1242
942 _cBOOK
980 _aNB